LEADER 01584nam a2200301 i 4500 001 000000225047 003 CaOOAMICUS 005 20131119000000.0 008 131119s1968 it u000 u fre u 013 $a203945 040 $aSeMil$bita 100 1 $aBonnard, Pierre <1911-2003>.$0(OLS)http://semarc/name/7668 245 10$aNotre père qui es aux cieux :$bla prière oecuménique /$cP. Bonnard, J. Dupont, F. Refoulé. 260 $aParis :$bLes Éditions du Cerf,$c1968. 260 $aParis :$bLes Bergers et les Mages,$c1968. 300 $a118 p. ;$c20 cm. 490 0 $aCahiers de la Traduction oecuménique de la Bible ;$v3 650 4$aBibbia - Commentari, studi, critica, interpretazioni.$0(OLS)http://semarc/subject/783 650 4$aBibbia - NT - Traduzioni francesi - Traduzione ecumenica.$0(OLS)http://semarc/subject/2478 650 4$aPadre Nostro - Commentari e studi.$0(OLS)http://semarc/subject/2093 700 1 $aRefoulé, Raymond François,$d<1922-1998>.$0(OLS)http://semarc/name/819 700 1 $aDupont, Jacques,$c.$0(OLS)http://semarc/name/942 830 0$aCahiers de la Traduction oecuménique de la Bible ;$v3.$0(OLS)http://semarc/title/39602 850 $aSeMil 852 $aSeMil$W1$xVenegono$y1$m2W I 256$j175393$B175393$CSeMilBibl$Z2$F185362 $81 996 $6245$aNotre père qui es aux cieux :$bla prière oecuménique$9(OLS)http://semarc/title/322419 996 $6260$aParis :$bLes Bergers et les Mages$9(OLS)http://semarc/publisher/33049 996 $6260$aParis :$bLes Éditions du Cerf$9(OLS)http://semarc/publisher/29611 LEADER 01342nam a2200313 i 4500 001 000000109146 003 CaOOAMICUS 005 20080625000000.0 008 080625s1995 it u000 u ita u 013 $a81826 020 $a88-372-1576-2 040 $aSeMil$bita 100 1 $aRicoeur, Paul,$d<1913-2005>.$0(OLS)http://semarc/name/675 240 10$aKierkegaard e le mal ; Philosopher après Kierkegaard.$0(OLS)http://semarc/title/158405 245 10$aKierkegaard :$bla filosofia e l'«eccezione» /$cPaul Ricoeur ; [traduz. di Ilario Bertoletti]. 260 $aBrescia :$bMorcelliana,$c1995. 300 $a71 p. ;$c19 cm. 490 0 $aIl pellicano rosso 500 $aFondo Card. C.M. Martini. 600 14$aKierkegaard, Søren <1813-1855>.$0(OLS)http://semarc/subject/1182 700 1 $aBertoletti, Ilario,$d<1959- >.$0(OLS)http://semarc/name/28837 830 3$aIl pellicano rosso.$0(OLS)http://semarc/title/5877 850 $aSeMil 852 $aSeMil$W1$xVenegono$y1$m2OA I 71$j65160$B65160$CSeMilBibl$Z2$F74044 $81 941 1 $a4 961 $aOmaggio: Martini Card. Carlo Maria 996 $6020$a88-372-1576-2$9(OLS)http://semarc/number/80734 996 $6245$aKierkegaard :$bla filosofia e l'«eccezione»$9(OLS)http://semarc/title/158404 996 $6260$aBrescia :$bMorcelliana$9(OLS)http://semarc/publisher/29629